Kissing God goodbye : (Record no. 1910)
[ view plain ]
| 000 -LEADER | |
|---|---|
| fixed length control field | 00453cam a2200157 4500 |
| 001 - CONTROL NUMBER | |
| control field | 2386 |
| 005 - DATE AND TIME OF LATEST TRANSACTION | |
| control field | 20181127165043.0 |
| 008 - FIXED-LENGTH DATA ELEMENTS--GENERAL INFORMATION | |
| fixed length control field | 970418s1997 nyu 000 0 eng |
| 020 ## - INTERNATIONAL STANDARD BOOK NUMBER | |
| International Standard Book Number | 0385490321 (pbk.) |
| 100 1# - MAIN ENTRY--PERSONAL NAME | |
| Personal name | Jordan, June, |
| Dates associated with a name | 1936-2002. |
| 245 10 - TITLE STATEMENT | |
| Title | Kissing God goodbye : |
| Remainder of title | poems, 1991-1997 / |
| Statement of responsibility, etc. | June Jordan. |
| 250 ## - EDITION STATEMENT | |
| Edition statement | 1st Anchor Books ed. |
| 260 ## - PUBLICATION, DISTRIBUTION, ETC. | |
| Place of publication, distribution, etc. | New York : |
| Name of publisher, distributor, etc. | Anchor Books, |
| Date of publication, distribution, etc. | 1997. |
| 300 ## - PHYSICAL DESCRIPTION | |
| Extent | x, 99 p. ; |
| Dimensions | 21 cm. |
| 650 ## - SUBJECT ADDED ENTRY--TOPICAL TERM | |
| Topical term or geographic name entry element | Poetry. |
| Form subdivision | |
| General subdivision | |
| Chronological subdivision | |
| Geographic subdivision | |
| Source of heading or term | |
| Withdrawn status | Lost status | Source of classification or shelving scheme | Damaged status | Not for loan | Collection code | Home library | Current library | Shelving location | Date acquired | Serial Enumeration / chronology | Inventory number | Total Checkouts | Full call number | Barcode | Date last seen | Date last checked out | Price effective from | Koha item type |
|---|---|---|---|---|---|---|---|---|---|---|---|---|---|---|---|---|---|---|
| Dewey Decimal Classification | Main TEST | RTC Library | RTC Library | Main opac | 08/03/2024 | 1617 | 1 | 811.54 JOR | 30001268 | 08/03/2024 | 04/07/2020 | 27/11/2018 | Main |